[Event "ESP-ch U14 rapid"]
[Site "Salobrena"]
[Date "2023.07.23"]
[Round "6"]
[White "Clemente Grande, Daniel"]
[Black "Mompel Ferruz, Xavier"]
[Result "1/2-1/2"]
[WhiteElo "1677"]
[BlackElo "2017"]
[PlyCount "98"]
[EventDate "2023.07.22"]
[EventType "swiss (rapid)"]
[EventRounds "9"]
[EventCountry "ESP"]
[SourceTitle "EXT 2024"]
[Source "ChessBase"]
[SourceDate "2023.10.10"]
[SourceVersion "1"]
[SourceVersionDate "2023.10.10"]
[SourceQuality "1"]

1. d4 d5 2. c4 c6 3. Nf3 Nf6 4. Nc3 e6 5. Bg5 h6 6. Bh4 Be7 7. e3 Nbd7 8. Rc1 0-0 9. Bd3 dxc4 10. Bxc4 a6 11. 0-0 b5 12. Bd3 Bb7 13. Bxf6 Nxf6 14. Ne4 Nxe4 15. Bxe4 Rc8 16. Ne5 Qd6 17. Qf3 Rc7 18. Nxc6 Bxc6 19. Rxc6 Rxc6 20. Bxc6 Rc8 21. Be4 Rc7 22. Bd3 g6 23. Qe2 e5 24. dxe5 Qxe5 25. f4 Qc5 26. f5 Bg5 27. fxg6 Qxe3+ 28. Qxe3 Bxe3+ 29. Kh1 fxg6 30. Bxg6 Rc1 31. Rxc1 Bxc1 32. b3 Kg7 33. Be4 a5 34. Bd3 b4 35. g3 Kf6 36. Kg2 Ke5 37. Kf3 Kd4 38. Bb5 Kc3 39. Ke4 Kb2 40. h4 Kc3 41. Kf5 Kd4 42. g4 Kd5 43. g5 hxg5 44. hxg5 Bb2 45. Bc4+ Kd6 46. Kg6 Ke7 47. Kf5 Kd6 48. Ke4 Bc1 49. Kf5 Bb2 1/2-1/2

[Event "ESP-ch U14"]
[Site "Salobrena"]
[Date "2023.07.19"]
[Round "5"]
[White "Clemente Grande, Daniel"]
[Black "Jaime Galeano, Alcher"]
[Result "1/2-1/2"]
[WhiteElo "1846"]
[BlackElo "1692"]
[PlyCount "105"]
[EventDate "2023.07.17"]
[EventType "swiss"]
[EventRounds "9"]
[EventCountry "ESP"]
[SourceTitle "EXT 2024"]
[Source "ChessBase"]
[SourceDate "2023.10.10"]
[SourceVersion "1"]
[SourceVersionDate "2023.10.10"]
[SourceQuality "1"]

1. e4 e5 2. Nf3 Nc6 3. d4 exd4 4. Nxd4 Bc5 5. Be3 Qf6 6. c3 Nge7 7. Bc4 0-0 8. 0-0 Bb6 9. Nc2 d6 10. Bxb6 axb6 11. Ne3 Ne5 12. Be2 Qg6 13. Nd2 f5 14. f4 N5c6 15. Nd5 fxe4 16. Bh5 Qh6 17. Nxc7 Ra5 18. Be2 Rxf4 19. Rxf4 Qxf4 20. Nc4 Rf5 21. Nxd6 Rf6 22. Nxc8 Qxc7 23. Nxe7+ Nxe7 24. Qb3+ Kh8 25. Qc4 Qf4 26. Rd1 h6 27. h3 Qe3+ 28. Kh1 Rf8 29. Bg4 Nc6 30. Qe6 Qf4 31. Qd6 Ne5 32. Be2 Rf6 33. Qd4 e3 34. Qxf4 Rxf4 35. Rf1 Rxf1+ 36. Bxf1 Kh7 37. g4 Kg6 38. Kg2 h5 39. Kg3 hxg4 40. hxg4 Kg5 41. Be2 b5 42. Bxb5 Nxg4 43. Kf3 Kh4 44. Be2 g5 45. a4 Ne5+ 46. Kxe3 g4 47. Kf4 g3 48. Bf1 Nd3+ 49. Kf3 Nxb2 50. a5 Na4 51. c4 Nc5 52. Bg2 Nb3 53. Ke4 1/2-1/2

[Event "ESP-ch U14"]
[Site "Salobrena"]
[Date "2023.07.18"]
[Round "3"]
[White "Clemente Grande, Daniel"]
[Black "Tabuenca Mendataurigoitia, Daniel"]
[Result "0-1"]
[WhiteElo "1846"]
[BlackElo "2358"]
[PlyCount "58"]
[EventDate "2023.07.17"]
[EventType "swiss"]
[EventRounds "9"]
[EventCountry "ESP"]
[SourceTitle "EXT 2024"]
[Source "ChessBase"]
[SourceDate "2023.10.10"]
[SourceVersion "1"]
[SourceVersionDate "2023.10.10"]
[SourceQuality "1"]

1. e4 e5 2. Nf3 d6 3. d4 exd4 4. Nxd4 Nf6 5. Bd3 Be7 6. Nc3 0-0 7. 0-0 Re8 8. Re1 Nbd7 9. Nf5 Bf8 10. Bg5 c6 11. f4 Nc5 12. Bh4 Bxf5 13. exf5 Rxe1+ 14. Qxe1 Qb6 15. Bf2 Nxd3 16. cxd3 Qa5 17. Ne4 Qxf5 18. Nxf6+ Qxf6 19. Qb4 b6 20. a4 Qf5 21. a5 bxa5 22. Qd2 Rb8 23. Bxa7 Rb4 24. Be3 Qb5 25. Ra2 a4 26. d4 d5 27. f5 Rb3 28. g4 Rd3 29. Qf2 Qb3 0-1

[Event "ESP-ch U14"]
[Site "Salobrena"]
[Date "2023.07.17"]
[Round "1"]
[White "Clemente Grande, Daniel"]
[Black "Piccone Uribe, Luis Guillermo"]
[Result "1-0"]
[WhiteElo "1846"]
[BlackElo "1413"]
[PlyCount "71"]
[EventDate "2023.07.17"]
[EventType "swiss"]
[EventRounds "9"]
[EventCountry "ESP"]
[SourceTitle "EXT 2024"]
[Source "ChessBase"]
[SourceDate "2023.10.10"]
[SourceVersion "1"]
[SourceVersionDate "2023.10.10"]
[SourceQuality "1"]

1. d4 Nf6 2. Bg5 Ne4 3. h4 Nxg5 4. hxg5 g6 5. Nf3 Bg7 6. e4 c5 7. c3 b6 8. dxc5 bxc5 9. Qd5 Qb6 10. Bc4 0-0 11. Qd2 Bb7 12. Bd5 d6 13. Na3 Bxd5 14. exd5 Nd7 15. Nc4 Qa6 16. Qf4 f6 17. Qh4 Kf7 18. Qe4 Ne5 19. Nfxe5+ dxe5 20. d6 f5 21. Qd5+ e6 22. Nxe5+ Bxe5 23. Qxe5 Rh8 24. Qf6+ Kg8 25. Qxe6+ Kf8 26. Qe7+ Kg8 27. d7 Qb6 28. Qe8+ Kg7 29. Qe7+ Kg8 30. 0-0-0 Rd8 31. Rhe1 Qc7 32. Qe8+ Rxe8 33. dxe8Q+ Kg7 34. Re7+ Qxe7 35. Qxe7+ Kg8 36. Rd8# 1-0

[Event "Almansa op-B"]
[Site "Almansa"]
[Date "2022.08.11"]
[Round "3"]
[White "Trivino Oliva, Diego"]
[Black "Clemente Grande, Daniel"]
[Result "0-1"]
[WhiteElo "1804"]
[BlackElo "1592"]
[PlyCount "66"]
[EventDate "2022.08.10"]
[EventType "swiss"]
[EventRounds "8"]
[EventCountry "ESP"]
[SourceTitle "CBM 210 Extra"]
[Source "ChessBase"]
[SourceDate "2022.11.30"]
[SourceVersion "1"]
[SourceVersionDate "2022.11.30"]
[SourceQuality "1"]

1. e4 e6 2. d4 d5 3. Nd2 c5 4. Ngf3 Nc6 5. exd5 Qxd5 6. Bc4 Qd8 7. 0-0 cxd4 8. Nb3 Nf6 9. Bg5 Be7 10. Nbxd4 Nxd4 11. Nxd4 0-0 12. c3 Qc7 13. Qe2 a6 14. h3 b5 15. Bb3 Bb7 16. Rfe1 Rfe8 17. Rad1 b4 18. c4 Rad8 19. Ba4 Rf8 20. Bc2 h6 21. Bh4 Qf4 22. Bg3 Qg5 23. Nxe6 fxe6 24. Qxe6+ Rf7 25. Rxd8+ Bxd8 26. Qd6 Bc7 27. Qxb4 Ba5 28. Qd6 Bxe1 29. Qb8+ Rf8 30. Qxb7 Qc1 31. Qb3 Bxf2+ 32. Kxf2 Ne4+ 33. Ke2 Qd2# 0-1

[Event "ESP-ch U12"]
[Site "Salobrena"]
[Date "2022.07.16"]
[Round "9"]
[White "Ibanez Koblash, Daniel"]
[Black "Clemente Grande, Daniel"]
[Result "1-0"]
[WhiteElo "1666"]
[BlackElo "1524"]
[PlyCount "71"]
[EventDate "2022.07.04"]
[EventType "swiss"]
[EventRounds "9"]
[EventCountry "ESP"]
[SourceTitle "EXT 2023"]
[Source "ChessBase"]
[SourceDate "2022.10.05"]
[SourceVersion "1"]
[SourceVersionDate "2022.10.05"]
[SourceQuality "1"]

1. Nf3 d5 2. d4 Nf6 3. c4 e6 4. g3 Be7 5. Bg2 0-0 6. 0-0 c6 7. Nc3 b6 8. Qc2 Bb7 9. e4 Na6 10. exd5 cxd5 11. Ne5 Rc8 12. Qa4 Nb4 13. Bg5 Nc6 14. Bxf6 gxf6 15. cxd5 Nxd4 16. Qxd4 fxe5 17. Qxe5 Bf6 18. Qh5 Bxc3 19. bxc3 Bxd5 20. Rfd1 Qf6 21. Bxd5 exd5 22. Rxd5 Rxc3 23. Rf5 Rxg3+ 24. hxg3 Qxa1+ 25. Kg2 Qd4 26. Rg5+ Kh8 27. Qf3 h6 28. Rd5 Qb2 29. Rd6 Kh7 30. Qf5+ Kg7 31. Qh5 Qc1 32. f4 Qc2+ 33. Kh3 Qc8+ 34. Kh4 Rh8 35. Qe5+ Kg8 36. Qf6 1-0

[Event "ESP-ch U12"]
[Site "Salobrena"]
[Date "2021.07.10"]
[Round "9"]
[White "Clemente Grande, Daniel"]
[Black "Kohn Garcia, Alejandro"]
[Result "1/2-1/2"]
[WhiteElo "1148"]
[BlackElo "1297"]
[PlyCount "103"]
[EventDate "2021.07.05"]
[EventType "swiss"]
[EventRounds "9"]
[EventCountry "ESP"]
[SourceTitle "EXT 2022"]
[Source "ChessBase"]
[SourceDate "2021.10.06"]
[SourceVersion "1"]
[SourceVersionDate "2021.10.06"]
[SourceQuality "1"]

1. d4 d5 2. c4 e6 3. Nc3 Nf6 4. Bg5 Be7 5. e3 0-0 6. Nf3 b6 7. cxd5 Nxd5 8. Bxe7 Qxe7 9. Rc1 Bb7 10. Bd3 h6 11. 0-0 Nb4 12. Bb1 Nd7 13. a3 Na6 14. Qd3 g6 15. Qe2 c5 16. dxc5 Naxc5 17. Rfd1 Rfd8 18. b4 Na6 19. Nb5 Nf6 20. Ne5 Rxd1+ 21. Qxd1 Rd8 22. Qe2 Nb8 23. Rc7 Qxc7 24. Nxc7 Rc8 25. Nb5 Rc1+ 26. Qf1 Rxf1+ 27. Kxf1 Ba6 28. Bd3 Nd5 29. Nxa7 Bxd3+ 30. Nxd3 Nc3 31. Ne1 Nd7 32. Nd3 Kg7 33. Nb2 Ne5 34. a4 Kf6 35. a5 bxa5 36. bxa5 Nd7 37. Ke1 Nb8 38. Kd2 Ne4+ 39. Ke2 Nc5 40. Nc4 Ke7 41. f3 f6 42. e4 e5 43. Ne3 Nb3 44. Nd5+ Ke6 45. Nc8 Nxa5 46. Nce7 Kf7 47. g3 Nac6 48. Nxc6 Nxc6 49. f4 exf4 50. gxf4 g5 51. fxg5 hxg5 52. Ne3 1/2-1/2